000 00361nam a2200145Ia 4500
003 OSt
005 20240112143136.0
008 170524s9999 xx 000 0 und d
020 _a818712587x
040 _ciimt university meerut
100 _aAGARWAL- D.R.
245 0 _aMATHEMATICS & STATISTICS IN ECONOMICS
260 _bDELHI : VRINDA PUB.
942 _2ddc
_c02
999 _c8385
_d8385